000
00319nam a2200133Ia 4500
008
190216s9999||||xx |||||||||||||| ||und||
100
_a
Sharad Kant
245
0
_a
Practical Approach To Cobol Programming
250
_a
second
260
_b
Wiley Eastern Ltd
_c
1992
300
_a
528 p
650
_a
Computer
942
_c
BK
999
_c
8378
_d
8378